00562nam a2200145Ia 4500008004100000100002100041245003300062260001700095260000900112546001200121999001700133952008600150952008600236952009400322170619s9999 xx 000 0 und d aAnderson- John D 0aComputational fluid dynamics bMc Graw Hill c1995 aENGLISH c18038d18038 00102ddc4070a06b06d2005-03-22e1l0p06-B-13527r2017-07-03w2017-07-03y01 00102ddc4070a06b06d2005-03-22e1l0p06-B-13528r2017-07-03w2017-07-03y01 00102ddc4070a06b06d2005-03-22e1l0p06-B-13529r2017-07-03w2017-07-03y01zcm po